| 000 | 01263nam a22003017a 4500 | ||
|---|---|---|---|
| 999 |
_c45028 _d45028 |
||
| 001 | 18612 | ||
| 003 | CO-MdFUSB | ||
| 005 | 20190202100323.0 | ||
| 008 | 171116t2014 sp ||||| |||| 00| 0 spa d | ||
| 020 | _a978-84-301-1861-8 | ||
| 040 |
_aCO-MdFUSB _bspa _cCO-MdFUSB _dCO-MdFUSBC _erda |
||
| 041 |
_aspa _heng |
||
| 082 | 0 | 4 | _aG 225.92 B6658s |
| 100 | 1 |
_aBockmuehl, Markus _eautor |
|
| 245 | 1 | 0 |
_aSimón Pedro _b : en la Escritura y en la memoria _c/ Markus Bockmuehl ; traducido por Francisco Javier Molina de la Torre |
| 264 | 4 |
_aSalamanca, España : _bSígueme, _c©2014 |
|
| 300 | _a300 páginas | ||
| 336 |
_2rdacontent _atexto _btxt |
||
| 337 |
_2rdamedia _asin mediación _bn |
||
| 338 |
_2rdacarrier _avolumen _bnc |
||
| 500 | _aTítulo original en inglés: Simon Peter in Scripture and Memory | ||
| 501 | _aRústico | ||
| 505 | 0 | 0 | _aPedro en el canon y en la memoria -- Simón Pedro--- ¿en la memoria viva? -- El Pedro del Nuevo Testamento -- Pedro en la "memoria viva" de Oriente y Occidente -- Historia y memoria: análisis de dos casos -- Cómo se convirtió Pedro en un discípulo -- De su improbable ciudad natal a una misión global |
| 650 | 0 |
_aBiblia _916 |
|
| 653 | _aBiblia N.T. - Pedro | ||
| 653 | _aBiblia - Biografías | ||
| 942 | _cBK | ||